[Event "Asian-ch Amateur"]
[Site "Isfahan"]
[Date "2016.11.13"]
[Round "3.5"]
[White "Maleki, Amir"]
[Black "Pourshahmari, Saeid"]
[Result "1-0"]
[WhiteElo "2078"]
[BlackElo "1916"]
[PlyCount "147"]
[EventDate "2016.11.12"]
[EventType "swiss"]
[EventRounds "9"]
[EventCountry "IRI"]
[SourceTitle "EXT 2024"]
[Source "ChessBase"]
[SourceDate "2023.10.10"]
[SourceVersion "1"]
[SourceVersionDate "2023.10.10"]
[SourceQuality "1"]

1. e4 c5 2. Nf3 d6 3. b3 Nf6 4. e5 dxe5 5. Nxe5 Nbd7 6. Bb2 a6 7. f4 e6 8. Bd3 Bd6 9. Na3 b5 10. Qf3 Rb8 11. 0-0 Bb7 12. Qh3 Qc7 13. Rae1 Nf8 14. f5 Bc8 15. fxe6 Bxe6 16. Bf5 Rb6 17. Ng4 Be7 18. Nxf6+ gxf6 19. Qh6 Bxf5 20. Qg7 Ng6 21. Rxf5 Rf8 22. Bxf6 Re6 23. Rff1 c4 24. Bxe7 Qxe7 25. Rxe6 Qxe6 26. bxc4 b4 27. Nb1 Qxc4 28. Qf6 Rg8 29. Qd6 Ne7 30. Re1 Qh4 31. Qb8+ Kd7 32. Qb7+ Kd8 33. Re4 Rg4 34. Qa8+ Kd7 35. Qa7+ Kd8 36. Qb8+ Kd7 37. g3 Rxg3+ 38. Qxg3 Qxe4 39. d3 Qd4+ 40. Kf1 Nf5 41. Qf3 Ke6 42. Nd2 Qe3 43. Qc6+ Ke7 44. Nf3 Qf4 45. Qc5+ Kf6 46. Ke2 Qg4 47. Qe5+ Kg6 48. Kf2 h5 49. Qe4 f6 50. Qe8+ Kg7 51. Qd7+ Kg6 52. Qe8+ Kg7 53. Qb8 h4 54. Qc7+ Kh6 55. Qc6 Kg7 56. Qb7+ Kf8 57. Qxa6 Kg7 58. Qb7+ Kg6 59. Qe4 Qxe4 60. dxe4 Nd6 61. Ke3 Nb5 62. Nxh4+ Kh5 63. Ng2 Nc3 64. Nf4+ Kg5 65. Nd5 Nxa2 66. Kd4 Nc1 67. Nxb4 Ne2+ 68. Ke3 Nc3 69. Nd5 Nd1+ 70. Kd4 Nf2 71. c4 Ng4 72. c5 Nxh2 73. c6 Nf3+ 74. Kc3 1-0